000 00461nam a22001817a 4500
003 LC
005 20160404093750.0
008 121116t xxu||||| |||| 00| 0 eng d
020 _a0590315048
050 _aPZ 7
_b.G319 1980
082 _aFIC
_bG28b 1980
100 _aGelman, Rita Golden
_917579
245 _aBenji at work /
_cRita Golden Gelman.
260 _aNew York.
_bScholastic.
_cc1980.
300 _a77 p.
_c19 cm.
942 _cBK
_2lcc
999 _c1207
_d1207